| 000 | 01879cam a2200337 i 4500 | ||
|---|---|---|---|
| 001 | 21210933 | ||
| 003 | EG-ScBUE | ||
| 005 | 20220221121845.0 | ||
| 008 | 190919s2019 enk f b 001 0 eng d | ||
| 020 | _a9781108711951 | ||
| 040 |
_aDLC _beng _erda _cDLC _dDLC _dEG-ScBUE |
||
| 082 | 0 | 4 |
_a658.301 _222 _bAZM |
| 100 | 1 |
_aAzmi, Feza Tabassum, _eauthor. |
|
| 245 | 1 | 0 |
_aStrategic human resource management : _btext and cases / _cFeza Tabassum Azmi. |
| 250 | _aFirst Edition. | ||
| 264 | 1 |
_aCambridge : _bCambridge University Press, _c2019. |
|
| 300 |
_axviii, 319 pages ; _c25 cm |
||
| 336 |
_atext _btxt _2rdacontent |
||
| 337 |
_aunmediated _bn _2rdamedia |
||
| 338 |
_avolume _bnc _2rdacarrier |
||
| 504 | _aIncludes bibliographical references and index. | ||
| 520 |
_a"This book provides a comprehensive and up-to-date study in strategic human resource management (SHRM). It aims to provide students and practising managers with an in-depth view of essential concepts and techniques in the area in a highly readable and understandable form. It focuses particularly on practical applications, examples and cases that students and HR managers can utilize in gaining insights into the subject. The book serves two important purposes: providing an academically rigorous study and offering an insightful and user-friendly pedagogy. It includes: opening stories new terms and concepts questions for discussion HR anecdotes caselets and 'news grabs'"-- _cProvided by publisher. |
||
| 650 | 7 |
_aPersonnel management. _2BUEsh |
|
| 650 | 7 |
_aStrategic planning. _2BUEsh |
|
| 653 |
_bBUSADM _cFebruary2022 |
||
| 655 |
_vReading book _934232 |
||
| 906 |
_a7 _bcbc _corignew _d1 _eecip _f20 _gy-gencatlg |
||
| 942 |
_2ddc _cBB |
||
| 999 |
_c29801 _d29772 |
||